|
|
|
|
| LEADER |
00754nam a22001817a 4500 |
| 082 |
|
|
|a 894.M1
|b PAR5/K L9
|
| 100 |
|
|
|a കടലായില് പരമേശ്വര൯;
|9 45637
|
| 100 |
|
|
|a Katalayil Parameswaran
|9 45638
|
| 240 |
|
|
|a Kayam
|
| 245 |
|
|
|a കയം
|
| 250 |
|
|
|a 1st
|
| 260 |
|
|
|a Kottayam;
|b National Book Stall;
|c 1979
|
| 300 |
|
|
|a 60p.
|
| 650 |
|
|
|a മലയാളം; മലയാളസാഹിത്യം; മലയാളം കവിതകള്
|9 45639
|
| 650 |
|
|
|a Malayalam; Malayalam Literature; Malayalam Poetry
|9 45640
|
| 942 |
|
|
|c BK
|
| 999 |
|
|
|c 40876
|d 40876
|
| 952 |
|
|
|0 0
|1 0
|4 0
|6 894_000000000000000_M1_PAR5_K_L9
|7 0
|8 POE
|9 46774
|a MAL
|b MAL
|d 2015-07-02
|e 25574
|g 3.00
|l 0
|o 894.M1 PAR5/K L9
|p MAL025574
|r 2015-07-02
|t 1
|w 2015-07-02
|y BK
|